№ 5; Национальные стандарты
| Parent link: | Национальные стандарты: Информационный указатель/ Федеральное агентство по техническому регулированию и метрологии. № 5.— , 2004- |
|---|---|
| Language: | Russian |
| Published: |
2011
|
| Format: | Book |
| KOHA link: | https://koha.lib.tpu.ru/cgi-bin/koha/opac-detail.pl?biblionumber=453576 |
MARC
| LEADER | 00000nam2a2200000 4500 | ||
|---|---|---|---|
| 001 | 453576 | ||
| 005 | 20250314143134.0 | ||
| 035 | |a (RuTPU)RU\TPU\prd\116556 | ||
| 090 | |a 453576 | ||
| 100 | |a 20110822a19409999k y0rusy50 ca | ||
| 101 | 0 | |a rus | |
| 102 | |a RU | ||
| 200 | 0 | |a № 5 | |
| 210 | |d 2011 | ||
| 461 | 1 | |0 (RuTPU)RU\TPU\prd\23792 |t Национальные стандарты |o Информационный указатель |f Федеральное агентство по техническому регулированию и метрологии |v № 5 |d 2004- | |
| 801 | 0 | |a RU |b 63413507 |c 20010227 |g PSBO | |
| 801 | 1 | |a RU |b 63413507 |c 20110822 | |
| 801 | 2 | |a RU |b 63413507 |c 20191126 |g RCR | |
| 942 | |c CR | ||